000 00291nam a22001217a 4500
003 OSt
008 250108b |||||||| |||| 00| 0 eng d
041 _aeng
100 _aRajaram, V
_96832
245 _aComputer Oriented Numerical Methods
260 _bPrentice Hall of India Ltd
942 _cBK
999 _c18985
_d18985